| 000 | | | 06017cfm2a2200000#x 450 |
| 001 | | | f042f479-aa00-46ab-a505-11598b8a474e |
| 005 | | | 20250515151625.0 |
| 100 | ## | $a | 20160421l17721772k l0rusy0189 ca |
| 101 | 0# | $a | rus |
| 102 | ## | $a | RU |
| 200 | 1# | $a | План города Вышнего Волочка Тверской губернии |
| | $j | 1772 г. |
| 251 | ## | $c | Дело |
| 300 | ## | $a | Высочайше конфирмованная копия |
| 300 | ## | $a | Рукописный текст. Чернила |
| 300 | ## | $a | Бумага. Тушь, карандаш, акварель |
| 300 | ## | $a | Оригинальный заголовок дела: Тверская губерния. План города Вышний Волочек : 1772 |
| 801 | #0 | $a | RU |
| | $b | РГИА |
| | $c | 20160421 |
| 801 | #1 | $a | RU |
| | $b | ГлавНИВЦ |
| | $c | 20160421 |
| | $2 | rusmarc |
| 801 | #2 | $a | RU |
| | $b | ПБ им. Б.Н. Ельцина |
| | $c | 20180614 |
| | $g | RCR |
| | $2 | rusmarc |
| 850 | ## | $a | Федеральное казенное учреждение "Российский государственный исторический архив" |
| 852 | ## | $a | РГИА |
| | $j | 775 |
| 937 | ## | $h | РГИА |
| | $d | 12155690 |
| | $a | ASBIBLIO_SCAN |
| 462 | #0 | $1 | 001dcd89104-8d20-40fa-811e-bb92fb080979 |
| | $1 | 2001 |
| | $a | Карты, планы и чертежи Петербургского сенатского архива за 1732-1917 гг. |
| | $v | Д. 775 |
| | $1 | 251 |
| | $c | Опись |
| | $1 | 852 |
| | $j | 1 |
| 461 | #0 | $1 | 001ac81bd0a-ee7e-4d64-837e-48e7e073b90f |
| | $1 | 2001 |
| | $a | Карты, планы и чертежи Петербургского Сенатского архива (коллекция) |
| | $1 | 251 |
| | $c | Фонд |
| | $1 | 852 |
| | $j | 1399 |
| 215 | ## | $a | 1 лист |
| | $d | 101х135 см |
| | $c | план. |
| 371 | ## | $a | Документ не является опубликованным и широко распространяемым |
| 105 | ## | $a | e### |
| 122 | 0# | $a | d1772###### |
| 035 | ## | $a | f042f479-aa00-46ab-a505-11598b8a474e |
| 856 | ## | $u | http://readingroom.main.prlib.ru/item.aspx?id_node=n116007155&mode=full |
| 120 | ## | $a | baa |
| 121 | ## | $a | a aaaa a |
| 123 | 1# | $a | a |
| 124 | ## | $a | a |
| | $b | j |
| 206 | ## | $b | В одном английском дюйме 10 саженей |
| 325 | ## | $a | Высочайше конфирмованная копия |
| 517 | 1# | $a | Тверская губерния. План города Вышний Волочек |
| | $e | 1772 |
| 607 | ## | $2 | nlr_sh |
| | $3 | RU\NLR\AUTH\661285066 |
| | $a | Вышний Волочек, город (Тверская область) |
| | $x | История |
| | $j | Документы и материалы |
| 686 | ## | $2 | rubbk |
| | $a | 63.3(28-8Тве)513-22ю1 |
| | $v | LBC/M |
| 605 | ## | $2 | acquisition_Prlib |
| | $3 | LIBNET\UAF\0000028143 |
| | $a | Тверская область: страницы истории |
| | $l | коллекция |
| 605 | ## | $2 | acquisition_Prlib |
| | $3 | LIBNET\UAF\0000046575 |
| | $a | Территория России: Тверская область |
| | $l | коллекция |
| 617 | ## | $2 | prlib_sh |
| | $c | Тверская губерния |
| 617 | ## | $2 | prlib_sh |
| | $c | Тверская область |